02597cam a22003495i 4500999001700000003000900017005001700026008004100043020001500084020001800099040004300117082002000160245019500180250002000375264005800395264001000453300002900463336002600492337002800518338002700546504005100573520108400624650002801708650006701736651001001803653001701813653002801830700005401858942001201912952015501924952016802079 c22119d22091EG-ScBUE20200209143855.0160807t20102010nyu f b 001 0 eng d a0393932923 a9780393932928 aEG-ScBUEbengerdacEG-ScBUEdEG-ScBUE04a801.95bNOR22204aThe Norton anthology of theory and criticism /cVincent B. Leitch., general editor, George Lynn Cross Research Professor Paul and Carol Daube Sutton Chair in English, University of Oklahoma. aSecond edition. 1aNew York ;aLondon :bW. W. Norton & Company,c[2010] 4cc2010 axl, 2758 pages ; c25 cm atextbtxt2rdacontent aunmediatedbn2rdamedia avolumebnc2rdacarrier aIncludes bibliographical references and index. aThe Norton Anthology of Theory and Criticism presents a staggeringly varied collection of the most influential critical statements from the classical era to the present day. Edited by scholars and teachers whose interests range from the history of poetics to postmodernism, from classical rhetoric to eriture feminine, and from the social construction of gender to the machinery of academic superstardom, The Norton Anthology of Theory and Criticism promises to become the standard anthology in its field. The Norton Anthology of Theory and Criticism offers nearly twice the number of selections in other leading anthologies and more twentieth-century selections than any other text (including anthologies devoted solely to the twentieth century). Edited by scholars and teachers whose interests range from the history of poetics to postmodernism, from classical rhetoric to eriture feminine, and from the social construction of gender to the machinery of academic superstardom, The Norton Anthology of Theory and Criticism promises to become the standard anthology in its field. 7aCriticism.2BUEsh95477 7aLiteraturexHistory and criticism.vTheory, etc.2BUEsh930809 2BUEsh cAugust 2016  bHHUUEENNcSeptember20161 aLeitch, Vincent B.,‏d1944-‏ eeditor.940665 2ddccBB 00102ddc40708BaccahaMAINbMAINc2NDd2016-08-07ePurchaseg1086.00h25868l0o801.95 NORp000033119r2025-07-15 00:00:00v1358.00w2016-08-07yBB 00102ddc40708BaccahaMAINbMAINc2NDd2016-09-25ePurchaseg546.00h26103l2m1o801.95 NORp000033512r2025-07-15 00:00:00s2019-01-13v682.00w2016-09-25yBB